LEADER 01168nam a2200265 i 4500 001 000000159529 003 CaOOAMICUS 005 20070228000000.0 008 070228s1980 it u000 u ita u 013 $a136892 040 $aSeMil$bita 100 1 $aMazzei, Francesco.$0(OLS)http://semarc/name/41876 245 10$aCola di Rienzo :$bla fantastica vita e l'orribile morte del tribuno del popolo romano /$cFrancesco Mazzei. 260 $aMilano :$bRusconi,$c1980. 300 $a265 p., [11] p. di tav. :$bill. ;$c22 cm. 490 0 $aLe vite 500 $aContiene : Bibliografia essenziale. - Fondo Card. Giovanni Colombo. 600 04$aCola : di Rienzo .$0(OLS)http://semarc/subject/17208 830 3$aLe vite.$0(OLS)http://semarc/title/7309 850 $aSeMil 852 $aSeMil$W1$xVenegono$y1$m1O II 140$j111086$B111086$CSeMilBibl$Z2$F120694 $81 941 1 $a3 961 $aLascito: Colombo Card. Giovanni 996 $6245$aCola di Rienzo :$bla fantastica vita e l'orribile morte del tribuno del popolo romano$9(OLS)http://semarc/title/141623 996 $6260$aMilano :$bRusconi$9(OLS)http://semarc/publisher/30258 LEADER 01284nam a2200277 i 4500 001 000000130590 003 CaOOAMICUS 005 20070118000000.0 008 070118s1983 it u000 u ita u 013 $a103325 040 $aSeMil$bita 100 1 $aErickson, Milton H. <1901-1980>.$0(OLS)http://semarc/name/12339 240 10$aMy voice will go with you. The teaching tales of Milton H. Erickson.$0(OLS)http://semarc/title/192303 245 13$aLa mia voce ti accompagnerà :$bI racconti didattici /$cdi Milton H. Erickson ; A cura di Sidney Rosen. 260 $aRoma :$bAstrolabio,$c1983. 300 $a208 p. ;$c22 cm. 490 0 $aPsiche e coscienza : collana di testi e documenti per lo studio della psicologia del profondo 500 $aContiene : Bibliografia. 650 4$aPsichiatria - Ipnosi.$0(OLS)http://semarc/subject/25753 700 1 $aRosen, Sidney.$0(OLS)http://semarc/name/53993 830 0$aPsiche e coscienza.$0(OLS)http://semarc/title/7985 850 $aSeMil 852 $aSeMil$W1$xVenegono$y1$m2O II 385$j84630$B84630$CSeMilBibl$Z2$F119484 $81 961 $aOmaggio: Altro 996 $6245$aLa mia voce ti accompagnerà :$bI racconti didattici$9(OLS)http://semarc/title/192302 996 $6260$aRoma :$bAstrolabio$9(OLS)http://semarc/publisher/31592